[Event "DOM-ch"]
[Site "Santo Domingo"]
[Date "2022.02.18"]
[Round "1"]
[White "Guzman, Christopher"]
[Black "Toro Rojas, Freddy Alberto"]
[Result "1-0"]
[WhiteElo "2230"]
[BlackElo "1916"]
[PlyCount "153"]
[EventDate "2022.02.18"]
[EventType "swiss"]
[EventRounds "11"]
[EventCountry "DOM"]
[SourceTitle "EXT 2023"]
[Source "ChessBase"]
[SourceDate "2022.10.05"]
[SourceVersion "1"]
[SourceVersionDate "2022.10.05"]
[SourceQuality "1"]

1. e4 c6 2. d4 d5 3. exd5 cxd5 4. Bd3 Nf6 5. c3 Nc6 6. Bf4 g6 7. Nf3 Bg7 8. Nbd2 0-0 9. h3 Re8 10. 0-0 Nh5 11. Bh2 Nf6 12. Re1 Nd7 13. Qb3 e6 14. Rad1 b6 15. Qa4 Bb7 16. Bb5 Qc8 17. h4 a6 18. Bd3 Ne7 19. Qc2 Nf6 20. Ne5 Nc6 21. Ndf3 Nxe5 22. Nxe5 Nd7 23. h5 Nxe5 24. Bxe5 Qd7 25. hxg6 fxg6 26. Re3 Rf8 27. Rde1 Rae8 28. Bxg7 Kxg7 29. Qe2 Rf6 30. Bxa6 Bc6 31. Bd3 Qd6 32. Rf3 Ref8 33. Rxf6 Rxf6 34. Qe5 Qxe5 35. Rxe5 Kf7 36. Re3 Ke7 37. Rh3 Rf7 38. Kf1 Kd6 39. Re3 Ra7 40. a3 Rf7 41. Be2 Ba4 42. Ke1 Rf4 43. g3 Rf7 44. Bg4 Rf6 45. Be2 Bb3 46. Re5 Rf8 47. f3 Rf6 48. Kd2 Rf8 49. Ke3 Rf6 50. g4 Rf7 51. f4 Re7 52. Kf3 Bc2 53. Kg3 h6 54. Re3 Rf7 55. Bd3 Bxd3 56. Rxd3 b5 57. Rd1 Ra7 58. Rh1 Rh7 59. Kf3 Rh8 60. Ke3 Rh7 61. b3 Ra7 62. Rxh6 Rxa3 63. Rxg6 Rxb3 64. f5 Rxc3+ 65. Kd2 b4 66. Rxe6+ Kd7 67. g5 Rc4 68. Ke3 Rc3+ 69. Kf4 b3 70. Rb6 Kc7 71. Rb4 Rc4 72. Rxb3 Rxd4+ 73. Ke5 Rg4 74. g6 Rg5 75. Kf6 Rg1 76. g7 Kd6 77. Rb8 1-0

[Event "DOM-ch"]
[Site "Santo Domingo"]
[Date "2021.05.07"]
[Round "1"]
[White "Guzman, Christopher"]
[Black "Toro Rojas, Freddy Alberto"]
[Result "1-0"]
[WhiteElo "2258"]
[BlackElo "1937"]
[PlyCount "87"]
[EventDate "2021.05.07"]
[EventType "swiss"]
[EventRounds "11"]
[EventCountry "DOM"]
[SourceTitle "CBM 203 Extra"]
[Source "ChessBase"]
[SourceDate "2021.09.30"]
[SourceVersion "1"]
[SourceVersionDate "2021.09.30"]
[SourceQuality "1"]

1. e4 e6 2. d4 d5 3. e5 c5 4. c3 Nc6 5. a3 Bd7 6. Nf3 Be7 7. Bd3 c4 8. Bc2 h6 9. h4 Qc7 10. Bf4 0-0-0 11. Nbd2 Qa5 12. h5 g5 13. hxg6 fxg6 14. Bxg6 Rf8 15. Be3 Bd8 16. Bc2 Nge7 17. Rxh6 Rxh6 18. Bxh6 Rh8 19. Be3 Rh1+ 20. Nf1 Qb6 21. Rb1 Na5 22. N3d2 Nf5 23. Qf3 Nxe3 24. Qxe3 Nb3 25. Nxb3 cxb3 26. Bd3 Bb5 27. Qe2 Be8 28. Kd2 Bg5+ 29. Ne3 Rh4 30. g3 Rh2 31. Qf3 Qd8 32. Rf1 Qe7 33. g4 Qg7 34. c4 Bg6 35. cxd5 Bxd3 36. Kxd3 Bxe3 37. Kxe3 Qh6+ 38. Qf4 Qh3+ 39. Ke2 Rh1 40. Qc1+ Kd8 41. Rxh1 Qxg4+ 42. f3 Qg2+ 43. Ke3 Qg5+ 44. Kf2 1-0

[Event "DOM-ch"]
[Site "Santo Domingo"]
[Date "2017.05.06"]
[Round "10"]
[White "Toro Rojas, Freddy Alberto"]
[Black "Feliz Dotel, Dewar Bienvenido"]
[Result "0-1"]
[WhiteElo "1904"]
[BlackElo "2111"]
[PlyCount "112"]
[EventDate "2017.04.21"]
[EventType "swiss"]
[EventRounds "11"]
[EventCountry "DOM"]
[SourceTitle "CBM 178 Extra"]
[Source "ChessBase"]
[SourceDate "2017.06.22"]
[SourceVersion "1"]
[SourceVersionDate "2017.06.22"]
[SourceQuality "1"]

1. e4 c6 2. d4 d5 3. exd5 cxd5 4. c4 Nf6 5. Nf3 g6 6. Nc3 Bg7 7. Bd3 0-0 8. 0-0 Nc6 9. h3 Nb4 10. Bf4 Nxd3 11. Qxd3 Bf5 12. Qe2 dxc4 13. Qxc4 Rc8 14. Qe2 Re8 15. Be5 Nd5 16. Nxd5 Qxd5 17. Bxg7 Kxg7 18. Rfd1 Rc2 19. Rd2 Rxd2 20. Qxd2 Bxh3 21. Rc1 Rc8 22. Rxc8 Bxc8 23. b3 b6 24. Qe3 Qe6 25. Qe5+ Qxe5 26. dxe5 f6 27. exf6+ Kxf6 28. Kf1 e5 29. Nd2 Bb7 30. f3 h5 31. Kf2 Bd5 32. a3 g5 33. b4 h4 34. Nf1 e4 35. Ne3 Ke6 36. Ng4 exf3 37. gxf3 Ba2 38. Ke3 Bb1 39. Kd4 Bf5 40. Nh2 a6 41. Nf1 Bg6 42. Nh2 Kf5 43. Ke3 Bh5 44. Nf1 Ke5 45. Nd2 h3 46. Nf1 Kd5 47. Nh2 Kc4 48. Kf2 Kb3 49. Kg3 Kxa3 50. Kxh3 Kxb4 51. Kg3 a5 52. Nf1 a4 53. Ne3 a3 54. Nd5+ Kc5 55. Nf6 a2 56. Nxh5 a1Q 0-1

[Event "DOM-ch"]
[Site "Santo Domingo"]
[Date "2017.04.22"]
[Round "3"]
[White "Franco Rodriguez, Andres Avelino"]
[Black "Toro Rojas, Freddy Alberto"]
[Result "1/2-1/2"]
[WhiteElo "2046"]
[BlackElo "1904"]
[PlyCount "30"]
[EventDate "2017.04.21"]
[EventType "swiss"]
[EventRounds "11"]
[EventCountry "DOM"]
[SourceTitle "CBM 178 Extra"]
[Source "ChessBase"]
[SourceDate "2017.06.22"]
[SourceVersion "1"]
[SourceVersionDate "2017.06.22"]
[SourceQuality "1"]

1. d4 Nf6 2. c4 e6 3. Nf3 Bb4+ 4. Bd2 Bxd2+ 5. Nbxd2 d6 6. e4 Nc6 7. Be2 e5 8. d5 Ne7 9. c5 0-0 10. Qc2 Ng6 11. g3 Bd7 12. h4 Re8 13. Nc4 Bb5 14. h5 Nf8 15. b4 Rc8 1/2-1/2

[Event "Santo Domingo Duarte Memorial 6th"]
[Site "Santo Domingo"]
[Date "2017.02.04"]
[Round "6"]
[White "Toro Rojas, Freddy Alberto"]
[Black "Almanzar Vasquez, Jennifer Maria"]
[Result "1/2-1/2"]
[WhiteElo "1912"]
[BlackElo "1750"]
[PlyCount "70"]
[EventDate "2017.01.27"]
[EventType "swiss"]
[EventRounds "8"]
[EventCountry "DOM"]
[SourceTitle "CBM 176 Extra"]
[Source "ChessBase"]
[SourceDate "2017.03.02"]
[SourceVersion "1"]
[SourceVersionDate "2017.03.02"]
[SourceQuality "1"]

1. a3 Nf6 2. Nf3 d5 3. b4 Bg4 4. Bb2 Nbd7 5. e3 e5 6. Be2 e4 7. Nd4 Bxe2 8. Qxe2 Nb6 9. 0-0 Na4 10. Qb5+ Qd7 11. Qxb7 Rc8 12. Bc1 c5 13. Qxd7+ Nxd7 14. bxc5 Ndxc5 15. Ne2 Be7 16. Nbc3 Bf6 17. Rb1 Nxc3 18. dxc3 0-0 19. Bd2 Na4 20. Rb7 a6 21. Rfb1 Nxc3 22. Bxc3 Bxc3 23. Ra7 Bf6 24. Rxa6 Rxc2 25. Ng3 Rfc8 26. Rd6 R2c5 27. h3 Be5 28. Rd7 Bxg3 29. fxg3 h6 30. Rd1 Ra5 31. R1xd5 Rxa3 32. Rd8+ Rxd8 33. Rxd8+ Kh7 34. Kf2 Ra2+ 35. Kf1 Ra3 1/2-1/2

[Event "Santo Domingo Duarte Memorial 5th"]
[Site "Santo Domingo"]
[Date "2016.01.16"]
[Round "6"]
[White "Camacho Campusano, David Daniel"]
[Black "Toro Rojas, Freddy Alberto"]
[Result "1-0"]
[WhiteElo "2109"]
[BlackElo "1913"]
[PlyCount "99"]
[EventDate "2016.01.08"]
[EventType "swiss"]
[EventRounds "8"]
[EventCountry "DOM"]
[SourceTitle "CBM 170 Extra"]
[Source "ChessBase"]
[SourceDate "2016.02.25"]
[SourceVersion "1"]
[SourceVersionDate "2016.02.25"]
[SourceQuality "1"]

1. e4 c5 2. Nf3 d6 3. g3 Nf6 4. d3 Nc6 5. Bg2 g6 6. 0-0 Bg7 7. Re1 e5 8. c3 0-0 9. a4 Bg4 10. h3 Bd7 11. Na3 b6 12. Bg5 h6 13. Bxf6 Bxf6 14. Nc4 Be6 15. Ne3 Qd7 16. Kh2 Na5 17. Nd2 Rac8 18. Ndc4 Nxc4 19. dxc4 Bg5 20. Qd3 Bxe3 21. Rxe3 a5 22. Re2 Rfd8 23. Rd2 f6 24. b3 Rc6 25. Rad1 Kg7 26. f4 Bf7 27. Rf1 Bg8 28. fxe5 fxe5 29. Rdf2 Re8 30. Rf6 Re6 31. Rf8 Re8 32. Qf3 Rxf8 33. Qxf8+ Kh7 34. Rf6 Be6 35. Qb8 Rc8 36. Qxb6 Kg7 37. Rf2 Rc6 38. Qxa5 h5 39. Qb5 Qc7 40. a5 Bd7 41. Bf1 Qa7 42. Qa4 Ra6 43. Qa2 Rxa5 44. Qd2 Qc7 45. Qg5 Be8 46. Qf6+ Kh7 47. Qe6 Qc6 48. Rf8 Ra2+ 49. Kg1 Qxe4 50. Qe7+ 1-0

[Event "Santo Domingo Duarte Memorial 5th"]
[Site "Santo Domingo"]
[Date "2016.01.16"]
[Round "7"]
[White "Toro Rojas, Freddy Alberto"]
[Black "Castillo Pena, Patricia Evarista"]
[Result "1/2-1/2"]
[WhiteElo "1913"]
[BlackElo "1695"]
[PlyCount "100"]
[EventDate "2016.01.08"]
[EventType "swiss"]
[EventRounds "8"]
[EventCountry "DOM"]
[SourceTitle "CBM 170 Extra"]
[Source "ChessBase"]
[SourceDate "2016.02.25"]
[SourceVersion "1"]
[SourceVersionDate "2016.02.25"]
[SourceQuality "1"]

1. d4 Nf6 2. Nf3 e6 3. g3 c5 4. Bg2 cxd4 5. Nxd4 d5 6. 0-0 e5 7. Nf3 Nc6 8. b3 Bd6 9. Bb2 0-0 10. Nbd2 Be6 11. e3 Rc8 12. Rc1 Qb6 13. c4 d4 14. exd4 exd4 15. Re1 Rfd8 16. Ng5 Bf5 17. Nde4 Nxe4 18. Nxe4 Bf8 19. Qf3 Bg6 20. Red1 Qa5 21. a3 Qf5 22. b4 Qxf3 23. Bxf3 Ne5 24. Bg2 Nxc4 25. Bxd4 Nxa3 26. Rxc8 Rxc8 27. Bxa7 Bxb4 28. h4 h6 29. Bb6 Nc4 30. Rb1 Bf8 31. Rb3 Nxb6 32. Rxb6 Re8 33. Nc3 Re1+ 34. Kh2 Rc1 35. Nd5 Rc2 36. f3 Bd3 37. Kh3 Ba6 38. f4 Rc5 39. Ne3 Rb5 40. Rxb5 Bxb5 41. Bxb7 h5 42. Kg2 Bd3 43. Kf3 Bc5 44. Ng2 g6 45. Bd5 Kg7 46. Ne1 Bf5 47. Kg2 Kf6 48. Nf3 Be6 49. Bb7 Bb6 50. Ng5 Bd4 1/2-1/2

[Event "Santo Domingo Duarte Memorial 5th"]
[Site "Santo Domingo"]
[Date "2016.01.09"]
[Round "3"]
[White "Ortiz Vasquez, Jose Arturo"]
[Black "Toro Rojas, Freddy Alberto"]
[Result "0-1"]
[WhiteElo "1967"]
[BlackElo "1913"]
[PlyCount "56"]
[EventDate "2016.01.08"]
[EventType "swiss"]
[EventRounds "8"]
[EventCountry "DOM"]
[SourceTitle "CBM 170 Extra"]
[Source "ChessBase"]
[SourceDate "2016.02.25"]
[SourceVersion "1"]
[SourceVersionDate "2016.02.25"]
[SourceQuality "1"]

1. c4 c5 2. Nc3 Nc6 3. e3 Nf6 4. Nf3 g6 5. Be2 Bg7 6. d3 0-0 7. e4 d6 8. h3 Nd7 9. Bg5 Nde5 10. Nxe5 Bxe5 11. Bh6 Re8 12. Qd2 e6 13. h4 a6 14. h5 b5 15. hxg6 fxg6 16. cxb5 axb5 17. Nxb5 Ba6 18. Nc3 Nd4 19. Be3 Rb8 20. Bxd4 Bxd4 21. Rc1 Qa5 22. b3 Rf8 23. f3 Be5 24. Nd1 Bg3+ 25. Nf2 Bxf2+ 26. Kd1 Qxd2+ 27. Kxd2 Bd4 28. Rh6 Be5 0-1

[Event "Santo Domingo op U2100 2nd"]
[Site "Santo Domingo"]
[Date "2015.06.26"]
[Round "5"]
[White "Steel Stephen, Daniel Alberto"]
[Black "Toro Rojas, Freddy Alberto"]
[Result "0-1"]
[WhiteElo "1995"]
[BlackElo "1907"]
[PlyCount "72"]
[EventDate "2015.06.19"]
[EventType "swiss"]
[EventRounds "8"]
[EventCountry "DOM"]
[SourceTitle "CBM 167 Extra"]
[Source "ChessBase"]
[SourceDate "2015.09.14"]
[SourceVersion "1"]
[SourceVersionDate "2015.09.14"]
[SourceQuality "1"]

1. d4 Nf6 2. c4 d6 3. Nc3 g6 4. Nf3 Bg7 5. e4 0-0 6. Be2 Nc6 7. 0-0 e5 8. d5 Ne7 9. Ne1 Nd7 10. Be3 f5 11. f3 f4 12. Bf2 g5 13. Nd3 Nf6 14. c5 Kh8 15. Rc1 Bd7 16. b4 h5 17. cxd6 cxd6 18. Nb2 Ng6 19. Nc4 Qe7 20. Na5 g4 21. Nb5 Bxb5 22. Bxb5 Bh6 23. Be2 g3 24. hxg3 fxg3 25. Bxg3 Rg8 26. Kf2 Nf4 27. Bxf4 Bxf4 28. Rg1 Qd8 29. Nc4 b5 30. Ne3 Qb6 31. Qd3 Raf8 32. g4 hxg4 33. Rh1+ Kg7 34. Rc6 g3+ 35. Kg2 Qxe3 36. Qxb5 Qf2+ 0-1